|
ห้องสมุด วิทยาลัยพยาบาลบรมราชชนนี อุดรธานี
Boromarajonani College of Nursing, Udonthani
|


|
mysqli: Table './ulib2015/stat_globaluid' is marked as crashed and last (automatic?) repair failed
select id from stat_globaluid where statuid='20260419130807_1337'
mysqli: Table './ulib2015/stat_globaluid' is marked as crashed and last (automatic?) repair failed
DELETE FROM stat_globaluid
WHERE id NOT IN (
SELECT id
FROM (
SELECT id
FROM stat_globaluid
ORDER BY id DESC
LIMIT 100
) foo
);
mysqli: Table './ulib2015/stat_globaluid' is marked as crashed and last (automatic?) repair failed
insert into stat_globaluid set
statuid='20260419130807_1337',
dt='1776578887',
phpself='/ULIB/dublinfull.php',
agent='Mozilla/5.0 AppleWebKit/537.36 (KHTML, like Gecko; compatible; ClaudeBot/1.0; +claudebot@anthropic.com)',
yea='2026',
mon='4',
dat='19',
ip='216.73.216.142'
| LEADER 00674nam 2200229 a 4500 |
| 001 11687 |
| 003 ULIBM |
| 008 110711s2541 th m a001 0 tha d |
| 020 ^a974-07-5119-9
|
| 050 4 ^aP2092^bด181ท 2541
|
| 245 ^a ^a1111 |
| 250 ^aพิมพ์ครั้งที่ 1.
|
| 300 ^a 108 หน้า.
|
| 650 7 ^aกลวิธีการแปล--ทฤษฎี
|
| 700 0 ^aการแปลและการตีความ
|
| 945 ^p0^l0^i11870
|
| 945 ^p0^l0^i11871
|
| 945 ^p0^l0^i11873
|
| 945 ^p0^l0^i12023
|
| 945 ^p0^l0^i16578 |
| 999 ^aลิขิตลักษณ์
|
| คุณยังไม่ได้ล็อกอิน คุณสามารถมีกิจกรรมร่วมกับเว็บไซต์ได้ แต่ต้องล็อกอินก่อน :: |
|
| ลำดับที่ |
ประเภท |
เลขเรียก/บาร์โค้ด |
สถานที่ |
สถานะ |
| 1. |
 หนังสือภาษาไทย | P2092 ด181ท 2541 ฉ.2 Barcode: 11871 | หนังสือทั่วไป | On Shelf |
| [แสดง 1/1 รายการ] |
mysqli: Can't create/write to file '/var/tmp/#sql_59d_0.MAI' (Errcode: 2)
select * from index_db where titl like '%ทฤษฎีและกลวิธีการแปล/ ดวงตา สุพล%' and mid<>'11687' order by rand() limit 3
mysqli: Can't create/write to file '/var/tmp/#sql_59d_0.MAI' (Errcode: 2)
select * from index_db where subj like '%กลวิธีการแปล--ทฤษฎี%' and mid<>'11687' order by rand() limit 3
|
ยังไม่เคยถูกคอมเมนท์
|
| คอมเมนท์ทรัพยากรรายการนี้ |
|